| 000 | 01412cam a2200373 a 4500 | ||
|---|---|---|---|
| 001 | 17099717 | ||
| 003 | NUST | ||
| 005 | 20220806160351.0 | ||
| 008 | 111228s2012 ncua b 001 0 eng c | ||
| 010 | _a 2011053304 | ||
| 020 | _a9780822352228 (cloth : alk. paper) | ||
| 020 | _a9780822352396 (pbk. : alk. paper) | ||
| 038 | _aAzhar | ||
| 040 |
_aNcD/DLC _cNcD _dDLC |
||
| 042 | _apcc | ||
| 043 | _an-us--- | ||
| 050 | 0 | 0 |
_aHV640.4.U54 _bN48 2012 |
| 082 | 0 | 0 |
_a323.0973 _223 _bNGU |
| 100 | 1 |
_aNguyen, Mimi Thi, _d1974- _996591 |
|
| 245 | 1 | 4 |
_aThe gift of freedom : _bwar, debt, and other refugee passages _cMimi Thi Nguyen. |
| 260 |
_aDurham : _bDuke University Press, _c2012. |
||
| 300 |
_axvi, 276 p. : _bill. ; _c24 cm. |
||
| 490 | 1 | _aNext wave: new directions in women's studies | |
| 504 | _aIncludes bibliographical references (p. [239]-265) and index. | ||
| 505 | 0 | _aIntroduction : the gifts of freedom -- The refugee condition -- Grace, the gift of the girl in the photograph -- Race wars, patriot acts -- Epilogue : refugee returns. | |
| 650 | 0 |
_aRefugees _zUnited States. _996592 |
|
| 650 | 0 |
_aIdeology _zUnited States. _996593 |
|
| 650 | 0 |
_aLiberty. _911440 |
|
| 651 | 0 |
_aUnited States _xForeign relations. _912813 |
|
| 830 | 0 |
_aNext wave. _996594 |
|
| 906 |
_a7 _bcbc _corignew _d1 _eecip _f20 _gy-gencatlg |
||
| 942 |
_2ddc _cLC |
||
| 999 |
_c590794 _d590794 |
||